书目信息 |
| 题名: |
法国美术史话
|
|
| 作者: | 高天民 著 | |
| 分册: | ||
| 出版信息: | 北京 人民美术出版社 1998.12 |
|
| 页数: | 185页 | |
| 开本: | 21cm | |
| 丛书名: | 外国美术史话丛书 | |
| 单 册: | ||
| 中图分类: | J156.509 | |
| 科图分类: | ||
| 主题词: | 美术史--mei shu shi--法国 | |
| 电子资源: | ||
| ISBN: | 7-102-01973-4 | |
| 000 | 00837nam 2200253 450 | |
| 001 | 012007142327 | |
| 005 | 20071204152059.29 | |
| 010 | @a7-102-01973-4@dCNY38.00 | |
| 100 | @a20071204d1998 km y0chi0120 ea | |
| 101 | 0 | @achi |
| 102 | @aCN@b110000 | |
| 105 | @aa z 000yd | |
| 106 | @ar | |
| 200 | 1 | @a法国美术史话@Afa guo mei shu shi hua@f高天民著@Fgao tian min zhu |
| 210 | @a北京@c人民美术出版社@d1998.12 | |
| 215 | @a185页@c图@d21cm | |
| 225 | 2 | @a外国美术史话丛书@Awai guo mei shu shi hua cong shu |
| 330 | @a本书主要介绍法国民族在艺术史发展上的一些佳话,让人们了解到法国人民对美术的热爱,以及发展贡献。 | |
| 410 | 0 | @12001 @a外国美术史话丛书 |
| 606 | 0 | @a美术史@Amei shu shi@y法国 |
| 690 | @aJ156.509@v4 | |
| 701 | 0 | @a高天民@Agao tian min@4著 |
| 801 | 0 | @aCN@bQSSK@c20071204 |
| 905 | @b270432-34@dJ156.509@eG184@f3 | |
| 法国美术史话/高天民著.-北京:人民美术出版社,1998.12 |
| 185页:图;21cm.-(外国美术史话丛书) |
| ISBN 7-102-01973-4:CNY38.00 |
| 本书主要介绍法国民族在艺术史发展上的一些佳话,让人们了解到法国人民对美术的热爱,以及发展贡献。 |
| ● |
| 相关链接 |
|
|
|
正题名:法国美术史话
索取号:J156.509/G184
 
预约/预借
| 序号 | 登录号 | 条形码 | 馆藏地/架位号 | 状态 | 备注 |
| 1 | 270432 | 202704323 | 自科二线404/309社科库 66排4列5层/ [索取号:J156.509/G184] | 在馆 | |
| 2 | 270433 | 202704332 | 社科库309/309社科库 66排4列2层/ [索取号:J156.509/G184] | 在馆 | |
| 3 | 270434 | 202704341 | 社科库309/309社科库 40排6列2层/ [索取号:J156.509/G184] | 在馆 |